000 02769cam a22004937i 4500
999 _c41549
_d41549
001 18516578
003 OSt
005 20220922123743.0
008 150305t20152015waua 001 0 eng d
010 _a 2015935269
015 _aGBB593978
_2bnb
020 _a9780735698802 (paperback)
020 _a0735698805 (paperback)
035 _a(OCoLC)ocn926069205
040 _aAKC
_beng
_cAKC
_erda
_dYDXCP
_dBTCTA
_dBDX
_dGK5
_dVP@
_dON8
_dOCLCF
_dBUR
_dJBO
_dOCLCQ
_dSINLB
_dNLE
_dDLC
042 _alccopycat
050 0 0 _aHF5548.4.M523
_bF7876 2015
082 0 4 _a005.54
_223
_bFRY/M
100 1 _aFrye, Curtis,
_d1968-
_eauthor.
_99131
245 1 0 _aMicrosoft Excel 2016 :
_bstep by step /
_cCurtis Frye.
264 1 _aRedmond, Washington :
_bMicrosoft Press, a division of Microsoft Corporation,
_c[2015]
264 4 _c©2015
300 _axx, 520 pages :
_billustrations ;
_c23 cm.
336 _atext
_btxt
_2rdacontent
336 _astill image
_bsti
_2rdacontent
337 _aunmediated
_bn
_2rdamedia
338 _avolume
_bnc
_2rdacarrier
490 0 _aStep by step
500 _aIncludes index.
505 0 _aPart 1 : Create and format workbooks. Set up a workbook ; Work with data and Excel tables ; Perform calculations on data ; Change workbook appearance -- Part 2 : Analyze and present data. Manage worksheet data ; Reorder and summarize data ; Combine data from multiple sources ; Analyze alternative data sets ; Create charts and graphics ; Create dynamic worksheets using PivotTables -- Part 3 : Collaborate and share in Excel. Print worksheets and charts ; Automate repetitive tasks by using macros ; Work with other Microsoft Office apps ; Collaborate with colleagues -- Part 4 : Perform advanced analysis. Perform business intelligence analysis ; Create forecasts and visualizations.
520 _a"This is learning made easy. Gt more done quickly with Excel 2016. Jump in wherever you need answers--brisk lessons and full-color screenshots show you exactly what to do, step by step, "--Page 4 of cover.
630 0 0 _aMicrosoft Excel (Computer file)
630 0 7 _aMicrosoft Excel (Computer file)
_2fast
_0(OCoLC)fst01366659
650 0 _aBusiness
_xComputer programs.
650 0 _aElectronic spreadsheets.
650 7 _aCOMPUTERS
_xDesktop Applications
_xSpreadsheets.
_2bisacsh
650 7 _aBusiness
_xComputer programs.
_2fast
_0(OCoLC)fst00842283
650 7 _aElectronic spreadsheets.
_2fast
_0(OCoLC)fst00907463
830 0 _aStep by step (Redmond, Wash.)
906 _a7
_bcbc
_ccopycat
_d2
_encip
_f20
_gy-gencatlg
942 _2ddc
_cBK
_h005.54
_iFRY/M
_k005.54
_mFRY/M